Analysis of linear systems (Record no. 4150)

000 -LEADER
fixed length control field 00506nam a22001931 4500
001 - CONTROL NUMBER
control field 4150
003 - CONTROL NUMBER IDENTIFIER
control field BD-DhUET
008 - FIXED-LENGTH DATA ELEMENTS--GENERAL INFORMATION
fixed length control field 790416s1959 maua 000 0 eng
040 ## - CATALOGING SOURCE
Original cataloging agency DLC
Transcribing agency DLC
Modifying agency BD-DhUET
082 ## - DEWEY DECIMAL CLASSIFICATION NUMBER
Classification number 629.83
Item number CHE/1959
100 1# - MAIN ENTRY--PERSONAL NAME
Personal name Cheng, David K.
245 00 - TITLE STATEMENT
Title Analysis of linear systems
250 ## - EDITION STATEMENT
Edition statement 1st ed.
260 ## - PUBLICATION, DISTRIBUTION, ETC. (IMPRINT)
Place of publication, distribution, etc. London
Name of publisher, distributor, etc. Addison-Wesley Publishing
Date of publication, distribution, etc. 1959
300 ## - PHYSICAL DESCRIPTION
Extent 431 p.
490 0# - SERIES STATEMENT
Series statement Addison-Wesley series in electrical engineering
650 #0 - SUBJECT ADDED ENTRY--TOPICAL TERM
Topical term or geographic name as entry element Linear Systems
942 ## - ADDED ENTRY ELEMENTS (KOHA)
Koha item type General Book
Holdings
Date acquired Shelving location Koha normalized classification for sorting Not for loan Koha full call number Price effective from Copy number Location (home branch) Lost status Withdrawn status Source of classification or shelving scheme Piece designation (barcode) Koha item type Damaged status Koha date last seen Sublocation or collection (holding branch)
2014-11-13Circulation section629_000000000000000_83CHE1959 629.83/CHE/19592014-11-131Central Library, BUET   78368General Book 2014-11-13Central Library, BUET
2014-11-13Circulation section629_000000000000000_83CHE1959 629.83/CHE/19592014-11-132Central Library, BUET   78370General Book 2014-11-13Central Library, BUET
2014-11-13Circulation section629_000000000000000_83CHE1959 629.83/CHE/19592014-11-133Central Library, BUET   78369General Book 2014-11-13Central Library, BUET
2014-11-17Circulation section629_000000000000000_83CHE1959 629.83/CHE/19592014-11-174Central Library, BUET   8330General Book 2014-11-17Central Library, BUET
2014-11-17Circulation section629_000000000000000_83CHE1959 629.83/CHE/19592014-11-175Central Library, BUET   24901General Book 2014-11-17Central Library, BUET
2014-11-18Circulation section629_000000000000000_83CHE1959 629.83/CHE/19592014-11-186Central Library, BUET   12682General Book 2017-08-28Central Library, BUET
2015-06-20Reading section629_830000000000000_CHE_1959 629.83/CHE/19592015-06-207Central Library, BUET   24899Reading Item 2015-06-20Central Library, BUET
2015-06-30Reading section629_830000000000000_CHE_1959 629.83/CHE/19592015-06-308Central Library, BUET   12690Reading Item 2019-09-07Central Library, BUET
2015-06-30Reading section629_830000000000000_CHE_1959 629.83/CHE/19592015-06-309Central Library, BUET   8327Reading Item 2015-06-30Central Library, BUET
2015-06-30Reading section629_830000000000000_CHE_1959 629.83/CHE/19592015-06-3010Central Library, BUET   8331Reading Item 2015-06-30Central Library, BUET
2015-07-04Reading section629_830000000000000_CHE_1959 629.83/CHE/19592015-07-0411Central Library, BUET   8328Reading Item 2015-07-04Central Library, BUET
1973-10-04Circulation section629_830000000000000_CHE_1959 629.83/CHE/19592018-05-1212Central Library, BUET   32058General Book 2018-05-12Central Library, BUET